Miscelánea histórico - literaria

Saved in:
Bibliographic Details
Format: Book
Language:Spanish
Published: Buenos Aires Espasa-Calpe 1952
Series:Colección Austral, 1110
Subjects:
Tags: Add Tag
No Tags, Be the first to tag this record!

MARC

LEADER 00000nam a2200000 a 4500
001 UCZ6375
003 CL-VaPUC
005 20220315074429.0
008 951211e19520000AG |||||||||||||||||spa|d
999 |c 242583  |d 242581 
040 |c Pontificia Universidad Católica de Valparaíso 
082 0 4 |a 864  |b MEN  |2 21 
245 1 0 |a Miscelánea histórico - literaria 
260 |a Buenos Aires  |b Espasa-Calpe  |c 1952 
300 |a 145 p 
490 0 |a Colección Austral, 1110 
583 |a last modification  |c 19951211 00:00:00  |k Rodrigo Vera 
650 0 |a Ensayos españoles  |9 313128 
942 |c BK  |2 ddc 
945 |d 19951211 00:00:00  |a rleighto 
952 |0 0  |1 0  |4 0  |6 864_000000000000000_MEN_1952  |7 0  |8 A  |9 255630  |a BIBEDU  |b BIBEDU  |d 2019-11-19  |i 3160769  |o 864 MEN 1952  |p 3160769  |r 2019-11-19  |w 2019-11-19  |y BK  |k LIT